| 000 | 00847nam a2200241 a 4500 | ||
|---|---|---|---|
| 001 | 44363 | ||
| 003 | BD-RjUL | ||
| 005 | 20211209053837.0 | ||
| 008 | 160717s1986 bg ||||| |||| 00| 0 ben d | ||
| 020 | _c: Tk. 120.00 | ||
| 035 | _a(BD-RjUL)44481 | ||
| 040 |
_aBD-RjUL _bben _cBD-RjUL _dBD-RjUL |
||
| 041 | _aben | ||
| 082 |
_223 _a576.5 _bKAB 1986 |
||
| 100 | 1 |
_aকালাম, মুহাম্মদ আবুল _9136157 |
|
| 245 | 1 | 0 |
_aবংশানুবিদ্যা / _cমুহাম্মদ আবুল কালাম |
| 250 | _a১ম সং. | ||
| 260 |
_aঢাকা : _bবাংলা একাডেমী, _c১৯৮৬. |
||
| 300 |
_a৩৯০ পৃ. : _bচিত্র. ; _c২০ সেমি. |
||
| 650 |
_aবংশানুবিদ্যা _9136158 |
||
| 650 |
_aGenetics _9117737 |
||
| 942 |
_2ddc _cBK |
||
| 999 |
_c44363 _d44363 |
||